| 000 | 01129nam0a2200265 i 4500 | ||
|---|---|---|---|
| 001 | RU\NLR\bibl\294676 | ||
| 005 | 20240726011413.0 | ||
| 021 |
_aRU _b99-2470a _999с |
||
| 035 | _a(NLR Aleph) 000289997 | ||
| 090 |
_a1697874 _c1697874 |
||
| 100 | _a20020812d1998 |||y0rusy50 ca | ||
| 101 | 0 | _arus | |
| 102 | _aRU | ||
| 105 | _ay dm 000yy | ||
| 200 | 1 |
_aФормирование познавательной активности учащихся выпускных классов средней школы в процессе обучения _e(На прим. общеобразоват. шк. Респ. Таджикистан) _eАвтореф. дис. на соиск. учен. степ. к.п.н. _eСпец. 13.00.01 _f[Таджик. гос. пед. ун-т] |
|
| 210 |
_aДушанбе _d1998 |
||
| 215 |
_a28 с. _d20 |
||
| 320 | _aБиблиогр.: с. 28 (5 назв.) и в подстроч. прим. | ||
| 686 |
_a13.00.01 _2oksvnk |
||
| 700 | 1 |
_aШайхов _bМ. _gМаджит |
|
| 801 | 0 |
_aRU _bNLR _c20020812 _gPSBO |
|
| 801 | 1 |
_aRU _bNLR _c20020812 |
|
| 852 |
_aNLR _jА99/2470 |
||
| 942 | _cBOOK | ||